Welcome to the Holygrace Academy Library

Please use search bar below to get started

SOURAYOODHAM (Record no. 1077)

MARC details
000 -LEADER
fixed length control field 00335nam a22001457a 4500
020 ## - INTERNATIONAL STANDARD BOOK NUMBER
ISBN 80775000021009
082 ## - DEWEY DECIMAL CLASSIFICATION NUMBER
Classification number 894-812
Item number JAN/S
100 ## - MAIN ENTRY--AUTHOR NAME
Personal name JIJI JAMES
245 ## - TITLE STATEMENT
Title SOURAYOODHAM
Remainder of title ASTRONOMY
246 ## - VARYING FORM OF TITLE
Title proper/short title SOURAYOODHAM
Remainder of title ASTRONOMY
260 ## - PUBLICATION, DISTRIBUTION, ETC. (IMPRINT)
Place of publication THRISSUR
Name of publisher H & C PUBLISHING HOUSE
300 ## - PHYSICAL DESCRIPTION
Number of Pages 48
520 ## - SUMMARY, ETC.
Summary, etc ASTRONOMY
942 ## - ADDED ENTRY ELEMENTS (KOHA)
Koha item type Books
Holdings
Withdrawn status Lost status Collection code Home library Current library Shelving location Date acquired Source of acquisition Cost, normal purchase price Full call number Accession Number Koha item type
    Non-fiction Main Library Main Library SHELF 6 B MALAYALAM QUIZ,RIDDLES,HUMOUR,PAZHAMCHOLLUKAL 24/03/2015 Purchase 10.00 894-812 JAN/S 09662 Books